header

My Secret Guide To Paris (Record no. 261126)

MARC details
000 -LEADER
fixed length control field 00245nam a22001097a 4500
020 ## - INTERNATIONAL STANDARD BOOK NUMBER
ISBN 9780545708104
100 ## - MAIN ENTRY--AUTHOR NAME
Personal name Lisa Schroeder
245 ## - TITLE STATEMENT
Title My Secret Guide To Paris
260 ## - PUBLICATION, DISTRIBUTION, ETC. (IMPRINT)
Place of publication New York
Name of publisher Scholastic
Year of publication 2015
300 ## - PHYSICAL DESCRIPTION
Number of Pages 216 pgs
942 ## - ADDED ENTRY ELEMENTS (KOHA)
Koha item type Long Loan Books
Holdings
Withdrawn status Lost status Collection code Home library Current library Shelving location Date acquired Accession Number Koha item type
    Fiction Rongo University Library Rongo University Library Children's Area 30/10/2023 CL20222227 Long Loan Books

© 2026 Rongo University
Contact us: librarian | system librarian | Rongo university